000 00902nam a2200265 a 4500
001 000011865
005 20200929162609.0
008 091028s1978 mx 001 0 spa d
020 _a9682301289
040 _aDO-SdBNP
_bspa
_cBNPHU
041 1 7 _aspa
_heng
_2Código de idioma MARC
082 _a412
_bP173s
100 1 _aPalmer, F. R.
_928044
240 1 0 _aSemantics, a new outline
_lespañol
245 1 3 _aLa semántica :
_buna nueva introducción /
_cF. R. Palmer ; traductor, Alicia Poloniato.
260 _aMéxico :
_bSiglo XXI,
_c1978.
300 _a200 p. :
_btablas ;
_c18 cm.
490 1 _aLinguística
534 _pTítulo original en inglés:
_tSemantics, a new outline
_cCambridge University Press, 1976
650 4 _aSemántica
_927831
650 4 _aSemiología (lingüística)
_928035
700 1 _aPoloniato, Alicia,
_etr.
_928045
830 0 _aLinguística
_916423
049 _aBNGR
999 _c11539
_d11539